| 000 | 00387nam a2200157Ia 4500 | ||
|---|---|---|---|
| 008 | 120912t2001 xxu||||| |||| 00| 0 sin d | ||
| 041 | _asin | ||
| 080 |
_a8-31 (eng) _bDAV |
||
| 245 | _aරොබින් හුඩ් | ||
| 246 | _aRobin Hud | ||
| 260 |
_aGunasena _aColombo _c2001 |
||
| 300 | _b245p, 18 cm | ||
| 942 | _cBK | ||
| 999 |
_c40387 _d40387 |
||
| 003 | LK-CoDNM | ||
| 040 |
_aLK-CoDNM _dLK-CoDNM _eLK-CoDNM |
||